<?xml version="1.0" encoding="UTF-8"?>
<record
    xmlns:xsi="http://www.w3.org/2001/XMLSchema-instance"
    xsi:schemaLocation="http://www.loc.gov/MARC21/slim http://www.loc.gov/standards/marcxml/schema/MARC21slim.xsd"
    xmlns="http://www.loc.gov/MARC21/slim">

  <leader>03153nam a22002777a 4500</leader>
  <controlfield tag="008">250217b        |||||||| |||| 00| 0 eng d</controlfield>
  <datafield tag="020" ind1=" " ind2=" ">
    <subfield code="a">9788417399559</subfield>
  </datafield>
  <datafield tag="040" ind1=" " ind2=" ">
    <subfield code="c">tbs</subfield>
  </datafield>
  <datafield tag="041" ind1=" " ind2=" ">
    <subfield code="a">spa</subfield>
  </datafield>
  <datafield tag="041" ind1=" " ind2=" ">
    <subfield code="h">eng</subfield>
  </datafield>
  <datafield tag="050" ind1=" " ind2=" ">
    <subfield code="a">BF637.M4</subfield>
    <subfield code="b">A4718 2019</subfield>
  </datafield>
  <datafield tag="100" ind1=" " ind2=" ">
    <subfield code="a">Altman, Don</subfield>
    <subfield code="d">1950-</subfield>
    <subfield code="9">24751</subfield>
    <subfield code="e">author</subfield>
  </datafield>
  <datafield tag="240" ind1=" " ind2=" ">
    <subfield code="a">Mindfulness toolbox.</subfield>
    <subfield code="l">Spanish.</subfield>
  </datafield>
  <datafield tag="245" ind1=" " ind2=" ">
    <subfield code="a">50 t&#xE9;cnicas de mindfulness</subfield>
    <subfield code="b">: para la ansiedad, la depresi&#xF3;n, el estr&#xE9;s y el dolor</subfield>
    <subfield code="c">/ Don Altman ; translated by Vicente Merlo.</subfield>
  </datafield>
  <datafield tag="260" ind1=" " ind2=" ">
    <subfield code="a">M&#xE1;laga, Spain : </subfield>
    <subfield code="b">Editorial Sirio,</subfield>
    <subfield code="c">[2019].</subfield>
  </datafield>
  <datafield tag="300" ind1=" " ind2=" ">
    <subfield code="a">325 pages ; </subfield>
    <subfield code="c">23 cm.</subfield>
  </datafield>
  <datafield tag="520" ind1=" " ind2=" ">
    <subfield code="a">La literatura sobre mindfulness es abundante, pero este libro es especialmente &#xFA;til ya que puede considerarse una especie de botiqu&#xED;n de primeros auxilios. Se trata de una gu&#xED;a repleta de estrategias, una caja de herramientas completa y bien estructurada, para incorporar el mindfulness a la psicoterapia de forma atractiva y eficaz.

Las pr&#xE1;cticas propuestas en esta gu&#xED;a, invitan al lector a reevaluar y observar sus propios pensamientos y h&#xE1;bitos negativos, su ansiedad, su dolor y su estr&#xE9;s, pero de un modo original, una manera que permite una nueva comprensi&#xF3;n m&#xE1;s profunda y que propicia el cambio positivo. 

Descubre c&#xF3;mo empezar a aplicar sorprendentes t&#xE9;cnicas dise&#xF1;adas por expertos. Se trata de herramientas f&#xE1;ciles de usar y reproducir, como por ejemplo distintas t&#xE9;cnicas de respiraci&#xF3;n, pr&#xE1;cticas para superar la depresi&#xF3;n o calmar la ansiedad, ejercicios para mejorar las habilidades de comunicaci&#xF3;n, meditaciones para la aceptaci&#xF3;n y el dolor, etc. 

Este libro es ideal para quienes deseen aplicar los beneficios de la atenci&#xF3;n plena a su bienestar psicol&#xF3;gico, as&#xED; como para profesionales de la psicoterapia que quieran integrar el mindfulness en su trabajo.</subfield>
  </datafield>
  <datafield tag="520" ind1=" " ind2=" ">
    <subfield code="a">The literature on mindfulness is vast, but this book stands out as a particularly useful and accessible resource&#x2014;a kind of first-aid kit for the mind. It serves as a comprehensive, well-structured toolbox, offering practical strategies to seamlessly integrate mindfulness into psychotherapy in an engaging and effective way.

The exercises and techniques in this guide encourage readers to reevaluate and observe their own negative thoughts, habits, anxiety, pain, and stress&#x2014;but in a fresh and innovative manner. This approach fosters a deeper understanding and paves the way for positive change.

Discover how to apply expert-designed techniques, including breathing exercises, practices for overcoming depression and calming anxiety, tools to enhance communication skills, and meditations for acceptance and pain management.

This book is perfect for anyone looking to incorporate the benefits of mindfulness into their psychological well-being, as well as for psychotherapy professionals seeking to integrate mindfulness into their practice.</subfield>
  </datafield>
  <datafield tag="650" ind1=" " ind2="0">
    <subfield code="a">Mindfulness-based cognitive therapy</subfield>
    <subfield code="9">24752</subfield>
  </datafield>
  <datafield tag="650" ind1=" " ind2="0">
    <subfield code="a">Meditation</subfield>
    <subfield code="9">11807</subfield>
  </datafield>
  <datafield tag="650" ind1=" " ind2="0">
    <subfield code="a">Stress (Psychology)</subfield>
    <subfield code="9">24647</subfield>
  </datafield>
  <datafield tag="650" ind1=" " ind2="0">
    <subfield code="a">Mind and body</subfield>
    <subfield code="9">11131</subfield>
  </datafield>
  <datafield tag="655" ind1=" " ind2="0">
    <subfield code="a">Self-Improvement</subfield>
    <subfield code="9">24754</subfield>
  </datafield>
  <datafield tag="700" ind1=" " ind2=" ">
    <subfield code="a">Merlo, Vicente</subfield>
    <subfield code="9">24753</subfield>
    <subfield code="e">translator</subfield>
  </datafield>
  <datafield tag="942" ind1=" " ind2=" ">
    <subfield code="2">lcc</subfield>
  </datafield>
  <datafield tag="952" ind1=" " ind2=" ">
    <subfield code="0">0</subfield>
    <subfield code="1">0</subfield>
    <subfield code="2">ddc</subfield>
    <subfield code="4">0</subfield>
    <subfield code="7">0</subfield>
    <subfield code="a">TBS</subfield>
    <subfield code="b">TBS</subfield>
    <subfield code="d">2025-02-17</subfield>
    <subfield code="l">0</subfield>
    <subfield code="o">BF637.M4 ALT</subfield>
    <subfield code="p">B05946</subfield>
    <subfield code="r">2025-02-17</subfield>
    <subfield code="t">1</subfield>
    <subfield code="w">2025-02-17</subfield>
    <subfield code="y">1</subfield>
    <subfield code="z">WELL COLLECTION</subfield>
  </datafield>
  <datafield tag="999" ind1=" " ind2=" ">
    <subfield code="c">4500</subfield>
    <subfield code="d">4500</subfield>
  </datafield>
</record>
